Normal view MARC view
  • Idaho

Entry Geographic Name

Number of records used in: 1

001 - CONTROL NUMBER

  • control field: 93782

003 - CONTROL NUMBER IDENTIFIER

  • control field: NUST

005 - DATE AND TIME OF LATEST TRANSACTION

  • control field: 20220719113154.0

008 - FIXED-LENGTH DATA ELEMENTS

  • fixed length control field: 220719|| aca||aabn | a|a d

040 ## - CATALOGING SOURCE

  • Original cataloging agency: NUST
  • Transcribing agency: NUST

151 ## - HEADING--GEOGRAPHIC NAME

  • Geographic name: Idaho
  • Form subdivision: Biography

670 ## - SOURCE DATA FOUND

  • Source citation: Work cat.: (NUST)0: Westover, Tara, author. 93772, Educated :
© 2023 Central Library, National University of Sciences and Technology. All Rights Reserved.